| 000 | 01408cam a22003497a 4500 | ||
|---|---|---|---|
| 003 | CHAP | ||
| 005 | 20220329142823.0 | ||
| 008 | 040512d2003 mx a r 00110 spa d | ||
| 010 | _a88277 | ||
| 011 | _a89249 | ||
| 035 | _a99800 | ||
| 040 | _cCHAP | ||
| 090 | _aTesis | ||
| 100 | 0 | 0 |
_aSilvestre Mejía, Margarito. _9106102 |
| 245 | 1 | 0 |
_aContribución al conocimiento tecnológico de la madera de Eucalyptus grandis Hill ex Maiden y Eucalyptus urophylla S.T. Blake proveniente de plantaciones forestales comerciales de 7 años de edad de las Choapas, Veracruz, Méx _c/por Margarito Silvestre Mejía y Francisco Torres Cruz |
| 260 |
_aChapingo, Méx. : _bEl autor, _c2003. |
||
| 300 |
_a106 h. : _bilus. |
||
| 502 | _aTesis (Ing. Forestal Industrial) -- UACH. División de Ciencias Forestales | ||
| 590 |
_aALEPH _b10 _c20130110 _lUCH01 _h1457 |
||
| 590 |
_aBATCH-UPD _b10 _c20130110 _lUCH01 _h0434 |
||
| 590 |
_aBATCH-UPD _b10 _c20130410 _lUCH01 _h0110 |
||
| 590 |
_aBATCH-UPD _b10 _c20130914 _lUCH01 _h1333 |
||
| 590 |
_aCONVERSION _b10 _c20130109 _lUCH01 _h1349 |
||
| 650 | 1 | 4 |
_aEucalipto (madera) _938822 |
| 650 | 1 | 4 |
_aMadera _xPropiedades y usos. _969621 |
| 700 | 0 | 0 |
_aTorres Cruz, Francisco. _9114078 |
| 901 | _aBK | ||
| 905 | _aAlejandra Carrasco M. | ||
| 942 | _cFOLL | ||
| 949 |
_aTesis _bBC _cTES _d33724000921946 _eTS2 _fc.2 _h41768 _i99800 _si |
||
| 949 |
_aTesis _bBC _cTES _d998001 _eTS1 _h41767 _i99800 _sb |
||
| 999 |
_c88277 _d88277 |
||